Integration and Resettlement of Refugees and Forced Migrants (Record no. 17312)

MARC details
000 -LEADER
fixed length control field 01042nam a2200121Ia 4500
008 - FIXED-LENGTH DATA ELEMENTS--GENERAL INFORMATION
fixed length control field 220615s9999||||xx |||||||||||||| ||und||
100 ## - MAIN ENTRY--PERSONAL NAME
Personal name Simpson, Charles||Jacobsen, Karen
245 #0 - TITLE STATEMENT
Title Integration and Resettlement of Refugees and Forced Migrants
546 ## - LANGUAGE NOTE
Language note English[eng]
650 ## - SUBJECT ADDED ENTRY--TOPICAL TERM
Topical term or geographic name entry element newcomer||Italian||education||two-way integration||refugees||forced migration||intercultural||language||youth||Bhutanese||autonomy||inclusion||diversity||physical literacy||asylum seekers||local politics||ecological systems||participatory action research (PAR)||austerity||Frankfurt am Main||temporary integration||France||fragile spaces||resettlement policy||recreation||refugee accommodation||employment||social ecological||neighborhood activism||municipalities||resettled refugees||physical activity||non-metropolitan areas||difficulty||refugee||community relations||North East of England||dispersal policy||integration||asylum seeker||Italy||local refugee reception||sport||Germany
856 ## - ELECTRONIC LOCATION AND ACCESS
Uniform Resource Identifier <a href="https://mdpi.com/books/pdfview/book/2024">https://mdpi.com/books/pdfview/book/2024</a>
942 ## - ADDED ENTRY ELEMENTS (KOHA)
Koha item type E-Books
Holdings
Withdrawn status Lost status Damaged status Not for loan Home library Current library Date acquired Total Checkouts Date last seen Price effective from Koha item type
        Kerala University of Digital Sciences, Innovation and Technology Knowledge Centre Kerala University of Digital Sciences, Innovation and Technology Knowledge Centre 15/06/2022   15/06/2022 15/06/2022 E-Books